000 00553nam a2200169 a 4500
001 000043913
005 20201002045037.0
008 140508s2001 ag 001 0 spa d
020 _a950071955X
040 _aDO-SdBNP
_bspa
_cBNPHU
100 1 _aSeoane, María.
_971815
245 1 3 _aEl Dictador :
_bla historia secreta y pública de Jorge Rafael Videla /
_cMaría Seoane, Vicente Muleiro.
260 _aBuenos Aires :
_bEditorial Sudamericana,
_c2001.
300 _a639 p. ;
_c24 cm.
500 _aIncluye índice
504 _aBibliografía : p. 529-545
999 _c43402
_d43402